000 00400ntaaa2200169 4500
003 01
005 20251027202632.0
008 0714s1973 ag 01
040 _aAR-BaBN
_bspa
_cAR-BaBN
_eaacr
_dRIC
082 _a371.3600
245 _aProgramas analíticos
250 _a1 ed.
260 _as.l. :
_bTalleres Gràficos "El Litoral",
_cn.f.
300 _a265 p
650 _aeducación
942 _cBK
999 _c21488
_d21488